000 00968nam0a22002651 4500
001 rc\2780887
005 20250806210217.0
035 _a(NLR Aleph) 006907123
090 _a19557
_c19557
100 _a20110915d1942 u y0rusy50 ca
101 0 _arus
102 _aRU
105 _ay z |||||
200 1 _aМетодические указания по обучению русскому языку в IV, V и VI классах начальных школ взрослых глухонемых
_eПособие для учителей
_eУтв. НКП РСФСР
205 _a2-е изд.
210 _aМосква
_cУчпедгиз
_d1942
215 _a200 с.
_d21 см.
700 1 _aКарякин
_bВ.П.
_gВиктор Петрович
801 0 _aRU
_bNLR
_gpsbo
801 1 _aRU
_bELAR
_2rusmarc
852 _aNLR
_jПр70 Г-3/3
942 _cBOOK
945 _aРоссийская национальная библиотека
980 _aNB
980 _aBV